The Oxford book of trees /

Bibliographic Details
Main Author: Clapham, A. R. (Arthur Roy), 1905-
Other Authors: Nicholson, Barbara
Format: Book
Language:English
Published: London ; New York : Oxford University Press, 1975.
Subjects:

MARC

Tag First Indicator Second Indicator Subfields
LEADER 00000cam a2200000 a 4500
001 in00000074792
005 20151008054800.0
008 760301s1975 enka b 00110 eng d
035 |a (OCoLC)02021649 
035 |9 AAJ1665AM 
040 |a OSU  |c OSU  |d m.c.  |d TXA  |d UtOrBLW 
043 |a e-uk--- 
049 |a TXAM  |c [1272048] 
090 |a QK488  |b .C56 
100 1 |a Clapham, A. R.  |q (Arthur Roy),  |d 1905- 
245 1 4 |a The Oxford book of trees /  |c illustrations by B.E. Nicholson ; text by A.R. Clapham. 
246 3 0 |a Book of trees 
264 1 |a London ;  |a New York :  |b Oxford University Press,  |c 1975. 
300 |a 216 pages :  |b illustrations (some color) ;  |c 25 cm. 
336 |a text  |b txt  |2 rdacontent 
337 |a unmediated  |b n  |2 rdamedia 
338 |a volume  |b nc  |2 rdacarrier 
500 |a Illustrations on lining papers. 
500 |a Includes index. 
504 |a Bibliography: page 210. 
536 |a This book is given through the estate of M. D. Bert Wheeler, College Station Texas, 1999. 
650 0 |a Trees  |z Great Britain  |x Identification. 
700 1 |a Nicholson, Barbara. 
999 |a MARS 
999 f f |s a1b074fe-4706-38a8-9731-e5d0f0d7a230  |i e4cab0fc-ab5a-3965-91cf-f9f89645dce8  |t 0 
952 f f |p ric  |a Texas A&M University  |b Rellis Campus  |c Joint Library Facility  |d Remote Storage  |t 0  |e QK488 .C56  |h Library of Congress classification  |i unmediated -- volume  |m A14806218797 
998 f f |a QK488 .C56  |t 0  |l Remote Storage